Statistics for Rome Geography

Click here to take the quiz!

General Stats

  • This quiz has been taken 6,290 times
  • The average score is 10 of 20

Answer Stats

Hint Answer % Correct
This independent nation is
encircled by Rome
Vatican City
98%
Ancient gladitorial arenaColosseum
94%
World's largest church -
found in the above
St. Peters Basilica
83%
River that flows through RomeTiber
78%
Chapel whose ceiling was painted
by Michelangelo
Sistine Chapel
78%
Tourists thrown coins into this{Trevi} Fountain
74%
Fiumicino airport is named
after this artist
Leonardo da Vinci
61%
Ancient chariot-racing trackCircus {Maximus}
59%
Central meeting place of ancient RomeThe Forum
58%
Famous staircase built in 1725 with
Piazza di Spagna at the bottom
{Spanish} Steps
56%
Concrete dome built in ancient timesPantheon
53%
Italian word for "street"Via
52%
Italian word for "bridge"Ponte
49%
Rome is capital of this regionLazio
33%
The above is located between
these two hills
Palatine Hill
27%
Originally the tomb of Hadrian,
later a papal fortress
Castel
{Sant}'{Angelo}
27%
The above is located between these two hillsCapitoline Hill
17%
Oldest of the papal basilicas,
built in 324 A.D.
St. John {Lateran}
11%
Neighborhood whose name
means "Field of Mars"
Campo Marzio
10%
Term for a district of Rome.
There are 22 in total
Rione
5%

Score Distribution

Percentile by Number Answered

Percent of People with Each Score

Your Score History

You have not taken this quiz